Country Names That Contain Another Country's Name - Statistics

General Stats
  • This quiz has been taken 118 times
  • The average score is 10 of 15
Answer Stats
country 1st letter country % Correct
Australia A Austria
100%
Guinea-Bissau G Guinea
95%
Indonesia I India
94%
Monaco O Oman
89%
Malaysia M Mali
78%
Ethiopia H Haiti
71%
Sri Lanka I Iran
67%
Slovakia L Laos
59%
Bangladesh G Ghana
57%
Montenegro T Togo
54%
Pakistan S Spain
49%
Costa Rica C Croatia
47%
Liechtenstein C Chile
46%
United States S Sudan
44%
Saint Lucia T Tunisia
40%
No matching quizzes found
Score Distribution
Percent of People with Each Score
Percentile by Number Answered
Your Score History
You have not taken this quiz